Philips Compact lighting catalogue
Wedi'i Gadw mewn:
| Fformat: | Llyfr |
|---|---|
| Iaith: | English |
| Tagiau: |
Ychwanegu Tag
Dim Tagiau, Byddwch y cyntaf i dagio'r cofnod hwn!
|
MARC
| LEADER | 00000nam a2200000Ia 4500 | ||
|---|---|---|---|
| 003 | MV0051 | ||
| 005 | 20221231144000.0 | ||
| 008 | 140114s a 000 ||eng d | ||
| 040 | |c cru CEDI | ||
| 090 | |a MV 51 | ||
| 245 | |a Philips Compact lighting catalogue | ||
| 300 | |a 352 páginas :ilustraciones | ||
| 942 | |c MX | ||
| 999 | |c 15146 |d 15146 | ||
